01194cam a2200289 a 450000100100000000500170001000800410002702000150006804000250008308200160010810000400012424000550016424501020021926000330032130000210035449000370037550400420041253400770045465000470053165000590057865000210063770000330065883000440069191000410073595201130077699900150088900000277320241010113234.0861010s1989 sp b 000 p spa d a8477131724 aDO-SdBNPbspacBNPHU a808.1bJ33p1 aJaner Manila, Gabriel,d1940-9874210aPedagogia de la imaginació poètica.lEspañol10aPedagogía de la imaginación poética /cGabriel Janer Manila ; traducción Angelina Gatell. aBarcelona :bAliorna,c1989. a111 p. ;c21 cm.1 aAliorna Teoría y Prácticav5 aIncluye referencias bibliográficas. aTítulo original en catalán:tPedagogia de la imaginació poètica. 4aPoéticaxTécnicas de enseñanza98743 4aInterpretación oralxTécnicas de enseñanza98744 0aPedagogía96931 aGatell, Angelina,etr.98745 0aAliorna Teoría y Práctica;n598746 aValidado. Control de calidad MMOLINA 001050718MOaGRbGRcHDd2009-07-03iLF1l0o808.1 J33pp2773-10r2020-06-25w2020-06-25y1ZNo se presta c2607d2607